00491nam a22001697a 4500003001400000005001700014008004100031020001800072040002800090041000800118082002100126100002200147245006700169260003100236300002400267650003000291KOHA_MİRAKIL20240930101014.0240929b2021 tu ||||| |||| 00| 0 tur d a9786250097618 aTR-AnABBbturcTR-AnABB atur a814.42bKAR 2021 aKarataş, Murad. 0aDünyayı cennete benzetmeye var mısın? /cMurad Karataş. aAnkara :bGimsetap,c2021. a144 sayfa ;c20 cm. aTürk edebiyatı, deneme